[Event "Kronborg Chess Open 2024 Master1"]
[Site "Helsingor"]
[Date "2024.05.09"]
[Round "1"]
[White "Schmidt, Kristen"]
[Black "Ostensen, Nicolai Maxime"]
[Result "1/2-1/2"]
[WhiteElo "2246"]
[BlackElo "2234"]
[PlyCount "98"]
[EventDate "2024.05.09"]
[EventType "tourn"]
[EventRounds "7"]
[EventCountry "DEN"]
[SourceTitle "Live from Kronborg Chess Open 2024"]

1. e4 c5 2. Nf3 Nc6 3. Bb5 Nf6 4. e5 Nd5 5. O-O g6 6. Re1 Bg7 7. c3 O-O 8. d4 Nc7 9. Bxc6 dxc6 10. h3 cxd4 11. cxd4 h6 12. Nc3 Be6 13. Bd2 Bd5 14. Nh2 f5 15. exf6 exf6 16. Qg4 Bf7 17. Nf3 h5 18. Qg3 Qd7 19. Ne4 Nd5 20. Nh4 g5 21. Nf3 h4 22. Qg4 Qxg4 23. hxg4 Rad8 24. Nc5 Rfe8 25. Nxb7 Rxe1+ 26. Bxe1 Rb8 27. Na5 Rxb2 28. Nxc6 Nf4 29. Bd2 Nd3 30. a3 Bf8 31. Nb4 Nxb4 32. axb4 Bd5 33. Be3 Rxb4 34. Ne1 Rb7 35. Nd3 Kf7 36. Nc5 Rc7 37. Ra5 Bd6 38. f3 Ba8 39. Kf2 Re7 40. Ne4 Bc7 41. Ra6 Bb6 42. Nd6+ Ke6 43. Nf5 Rb7 44. d5+ Kxd5 45. Bxb6 Rxb6 46. Rxa7 Rb2+ 47. Kg1 Rb1+ 48. Kh2 Bb7 49. Ra2 Rb6 1/2-1/2

[Event "Kronborg Chess Open 2024 Master1"]
[Site "Helsingor"]
[Date "2024.05.09"]
[Round "1"]
[White "Nord, Alexander"]
[Black "Gomez Aguirre, Juan Alberto"]
[Result "0-1"]
[WhiteElo "2240"]
[BlackElo "2273"]
[PlyCount "100"]
[EventDate "2024.05.09"]
[EventType "tourn"]
[EventRounds "7"]
[EventCountry "DEN"]
[SourceTitle "Live from Kronborg Chess Open 2024"]

1. e4 e6 2. d3 d5 3. Nd2 Nc6 4. Ngf3 e5 5. c3 Nf6 6. Be2 Bg4 7. O-O dxe4 8. dxe4 Bd6 9. Qc2 Bh5 10. Re1 O-O 11. Nf1 h6 12. Ng3 Bg4 13. Nh4 Be6 14. Nhf5 Ne7 15. Bf3 Nxf5 16. exf5 Bc8 17. Be3 Re8 18. Be4 Qe7 19. Rad1 c6 20. a4 a5 21. Qe2 Bc5 22. Bxc5 Qxc5 23. Nh5 Qe7 24. Nxf6+ Qxf6 25. Qf3 Rb8 26. Rd3 b5 27. axb5 cxb5 28. Red1 Rb6 29. h3 Qg5 30. g3 Qf6 31. R1d2 Qe7 32. Qd1 Rf6 33. Rd8 Kf8 34. R2d5 Bxf5 35. Bxf5 Rxf5 36. Rxe8+ Kxe8 37. Rxb5 Qa7 38. Qe2 f6 39. c4 Qd4 40. Rd5 Qb6 41. c5 Qc6 42. Qe4 Kf7 43. Qc4 Kg6 44. Rd6 Qc7 45. Qd5 e4 46. Qxe4 Qxc5 47. Rd2 Qc1+ 48. Kg2 Qxd2 49. g4 Qxf2+ 50. Kh1 Qf3+ 0-1

[Event "Kronborg Chess Open 2024 Master1"]
[Site "Helsingor"]
[Date "2024.05.09"]
[Round "1"]
[White "Strom Engdahl, Alexander"]
[Black "Kistrup, Nicolai"]
[Result "0-1"]
[WhiteElo "2217"]
[BlackElo "2342"]
[PlyCount "118"]
[EventDate "2024.05.09"]
[EventType "tourn"]
[EventRounds "7"]
[EventCountry "DEN"]
[SourceTitle "Live from Kronborg Chess Open 2024"]

1. e4 c5 2. Nf3 d6 3. Bb5+ Nd7 4. a4 Ngf6 5. Nc3 a6 6. Be2 g6 7. O-O Bg7 8. d3 b6 9. Re1 Bb7 10. h3 O-O 11. Bf4 e5 12. Bc1 Ne8 13. Nd2 Nc7 14. Nc4 Qe7 15. Bf3 Rab8 16. Bd2 b5 17. Na5 b4 18. Ne2 Ba8 19. Ng3 d5 20. exd5 Nxd5 21. Qc1 Rfe8 22. Nc4 f5 23. Bh6 Bxh6 24. Qxh6 b3 25. c3 Qf6 26. Rad1 Re6 27. h4 Rbe8 28. Qg5 Qg7 29. Qc1 N7f6 30. Nd2 Nf4 31. Qb1 Qd7 32. Bxa8 Rxa8 33. Nf3 Ng4 34. d4 cxd4 35. cxd4 e4 36. Ng5 Rc6 37. Nh3 Nxh3+ 38. gxh3 Nf6 39. Rc1 Rac8 40. Ne2 Rc2 41. Nc3 f4 42. Rxc2 bxc2 43. Qxc2 Qxh3 44. f3 Qg3+ 45. Kf1 Qxf3+ 46. Qf2 Qd3+ 47. Qe2 Qh3+ 48. Qg2 Qxh4 49. Nxe4 Nd5 50. Nc5 f3 51. Qf2 Qh1+ 52. Qg1 Qh3+ 53. Kf2 Qh4+ 54. Kf1 f2 55. Qxf2 Rf8 56. Qxf8+ Kxf8 57. Re5 Nf4 58. Re4 Qh3+ 59. Ke1 Nd3+ 0-1

[Event "Kronborg Chess Open 2024 Master1"]
[Site "Helsingor"]
[Date "2024.05.09"]
[Round "1"]
[White "Rasmussen, Casper Dahl"]
[Black "Loftgaard, Mikkel Vinh"]
[Result "1-0"]
[WhiteElo "2202"]
[BlackElo "2228"]
[PlyCount "161"]
[EventDate "2024.05.09"]
[EventType "tourn"]
[EventRounds "7"]
[EventCountry "DEN"]
[SourceTitle "Live from Kronborg Chess Open 2024"]

1. d4 Nf6 2. c4 e6 3. Nf3 d5 4. g3 Bb4+ 5. Bd2 Be7 6. Bg2 O-O 7. O-O Nbd7 8. Bc3 c6 9. Nbd2 b6 10. b4 Ba6 11. Qb3 Ne4 12. Bb2 Nd6 13. c5 Nc4 14. Nxc4 Bxc4 15. Qc2 Bf6 16. Rfe1 bxc5 17. bxc5 Rb8 18. Bc3 Qc7 19. Nd2 e5 20. Nxc4 exd4 21. Ba5 Qb7 22. Nd6 Qa6 23. Bc7 d3 24. Qxd3 Qxd3 25. exd3 Bxa1 26. Bxb8 Bc3 27. Rc1 Bb2 28. Rc2 Rxb8 29. Bxd5 Ne5 30. Be4 Rb4 31. Nc8 Bd4 32. Ne7+ Kf8 33. Nxc6 Nxc6 34. Bxc6 Rb2 35. Rxb2 Bxb2 36. Be4 Ke7 37. c6 Kd6 38. Bxh7 Kxc6 39. Bg8 f6 40. Kg2 Kd6 41. f4 Bd4 42. Kf3 f5 43. g4 Ke7 44. Bh7 fxg4+ 45. Kxg4 Kf6 46. Kf3 Bb6 47. Ke4 Bc7 48. h3 Bd6 49. Bf5 Bb8 50. Bc8 Bc7 51. f5 Bd8 52. Kd5 Bb6 53. a4 Ke7 54. Be6 Kf6 55. Kd6 Bd4 56. a5 Bc3 57. a6 Bd4 58. Kd5 Bb6 59. d4 Ke7 60. Bc8 Kd8 61. f6 gxf6 62. Bf5 Ke7 63. h4 Kf7 64. h5 Kg7 65. Kc4 Kh6 66. Bg4 f5 67. Bf3 Kg5 68. d5 Bc7 69. Kc5 Bf4 70. Bd1 Kf6 71. d6 Ke6 72. Bb3+ Kd7 73. Ba4+ Ke6 74. Bb3+ Kd7 75. Ba4+ Ke6 76. d7 Ke7 77. Kc6 Kd8 78. Bc2 Bh6 79. Bxf5 Bf4 80. Kb7 Be3 81. Kb8 1-0

[Event "Kronborg Chess Open 2024 Master1"]
[Site "Helsingor"]
[Date "2024.05.09"]
[Round "2"]
[White "Schmidt, Kristen"]
[Black "Nord, Alexander"]
[Result "1/2-1/2"]
[WhiteElo "2246"]
[BlackElo "2240"]
[PlyCount "40"]
[EventDate "2024.05.09"]
[EventType "tourn"]
[EventRounds "7"]
[EventCountry "DEN"]
[SourceTitle "Live from Kronborg Chess Open 2024"]

1. e4 c5 2. Nf3 d6 3. Bb5+ Nd7 4. O-O a6 5. Bd3 Ngf6 6. Re1 g6 7. c3 b5 8. Bc2 c4 9. b3 Bg7 10. bxc4 bxc4 11. Qe2 Qc7 12. Na3 Nb6 13. e5 dxe5 14. Qxe5 Qxe5 15. Nxe5 Be6 16. Rb1 Nfd7 17. Nxd7 Nxd7 18. Ba4 Kd8 19. Bxd7 Kxd7 20. Rb7+ Kc6 1/2-1/2

[Event "Kronborg Chess Open 2024 Master1"]
[Site "Helsingor"]
[Date "2024.05.09"]
[Round "2"]
[White "Gomez Aguirre, Juan Alberto"]
[Black "Strom Engdahl, Alexander"]
[Result "1/2-1/2"]
[WhiteElo "2273"]
[BlackElo "2217"]
[PlyCount "46"]
[EventDate "2024.05.09"]
[EventType "tourn"]
[EventRounds "7"]
[EventCountry "DEN"]
[SourceTitle "Live from Kronborg Chess Open 2024"]

1. d4 Nf6 2. c4 e6 3. Nc3 d5 4. cxd5 exd5 5. Bg5 c6 6. e3 Bf5 7. Qf3 Bg6 8. Bxf6 Qxf6 9. Qxf6 gxf6 10. h4 Nd7 11. Nh3 Bd6 12. Nf4 O-O-O 13. g3 h6 14. Bh3 Kb8 15. Nxg6 fxg6 16. h5 g5 17. Bf5 Bb4 18. Kd2 Nb6 19. Bd3 Nc8 20. a3 Bxc3+ 21. bxc3 Nd6 22. f4 Rhf8 23. Raf1 Kc7 1/2-1/2

[Event "Kronborg Chess Open 2024 Master1"]
[Site "Helsingor"]
[Date "2024.05.09"]
[Round "2"]
[White "Kistrup, Nicolai"]
[Black "Rasmussen, Casper Dahl"]
[Result "1-0"]
[WhiteElo "2342"]
[BlackElo "2202"]
[PlyCount "47"]
[EventDate "2024.05.09"]
[EventType "tourn"]
[EventRounds "7"]
[EventCountry "DEN"]
[SourceTitle "Live from Kronborg Chess Open 2024"]

1. e4 c5 2. Nf3 e6 3. d4 cxd4 4. Nxd4 a6 5. c4 Nf6 6. Nc3 Qc7 7. a3 b6 8. Be3 Bb7 9. f3 d6 10. g4 Be7 11. g5 Nfd7 12. h4 Nc6 13. Nxc6 Bxc6 14. Qd4 O-O 15. h5 d5 16. exd5 Bc5 17. Qf4 Bd6 18. Qg4 exd5 19. cxd5 Rfe8 20. O-O-O Rxe3 21. dxc6 Qxc6 22. Qd4 Rxf3 23. Be2 Rg3 24. Kb1 1-0

[Event "Kronborg Chess Open 2024 Master1"]
[Site "Helsingor"]
[Date "2024.05.09"]
[Round "2"]
[White "Ostensen, Nicolai Maxime"]
[Black "Loftgaard, Mikkel Vinh"]
[Result "1-0"]
[WhiteElo "2234"]
[BlackElo "2228"]
[PlyCount "121"]
[EventDate "2024.05.09"]
[EventType "tourn"]
[EventRounds "7"]
[EventCountry "DEN"]
[SourceTitle "Live from Kronborg Chess Open 2024"]

1. c4 e5 2. Nc3 Nf6 3. Nf3 Nc6 4. a3 d5 5. cxd5 Nxd5 6. Qc2 Be7 7. e3 O-O 8. Be2 Be6 9. O-O Nb6 10. b4 f6 11. Ne4 Qd5 12. Bb2 Qb3 13. Qxb3 Bxb3 14. Rac1 a6 15. d4 exd4 16. Nxd4 Bd5 17. Nc5 Bxc5 18. Rxc5 Nxd4 19. Bxd4 c6 20. Rcc1 Nd7 21. f3 Rad8 22. e4 Bf7 23. Kf2 Rfe8 24. Rc3 Ne5 25. Bxe5 Rxe5 26. Rd3 Rxd3 27. Bxd3 Kf8 28. Ke3 Ke8 29. f4 Re7 30. g4 Rd7 31. h4 Ke7 32. a4 Bb3 33. a5 Bf7 34. Rc1 Rd6 35. Bc2 Be6 36. g5 Bf7 37. Rd1 c5 38. bxc5 Rc6 39. Kd4 Rc7 40. Rb1 Rd7+ 41. Kc3 Rc7 42. Kb4 Bh5 43. Rb3 Be2 44. Re3 Bb5 45. Re1 Bc6 46. Bb3 Rd7 47. Bd5 fxg5 48. hxg5 h6 49. gxh6 gxh6 50. Kc4 Kf6 51. Rh1 Kg6 52. Kd4 h5 53. Ke5 Re7+ 54. Kd6 Rxe4 55. Bxe4+ Bxe4 56. Rh2 Kf5 57. Rxh5+ Kxf4 58. Kc7 Bf3 59. Rh6 Ke5 60. Rd6 Bg2 61. Kb6 1-0

[Event "Kronborg Chess Open 2024 Master1"]
[Site "Helsingor"]
[Date "2024.05.10"]
[Round "3"]
[White "Strom Engdahl, Alexander"]
[Black "Schmidt, Kristen"]
[Result "0-1"]
[WhiteElo "2217"]
[BlackElo "2246"]
[PlyCount "62"]
[EventDate "2024.05.09"]
[EventType "tourn"]
[EventRounds "7"]
[EventCountry "DEN"]
[SourceTitle "Live from Kronborg Chess Open 2024"]

1. e4 c5 2. Nf3 Nc6 3. Bb5 g6 4. O-O Bg7 5. Bxc6 bxc6 6. Re1 d6 7. h3 e5 8. d3 Ne7 9. a3 a5 10. Nbd2 O-O 11. Nc4 h6 12. Bd2 f5 13. Rb1 Be6 14. Qe2 a4 15. b4 axb3 16. cxb3 Kh7 17. b4 Bxc4 18. dxc4 fxe4 19. Qxe4 Rxa3 20. bxc5 d5 21. Qh4 Raxf3 22. gxf3 Qc7 23. Ba5 Qd7 24. Qg4 Rf5 25. Bd2 h5 26. Qg3 dxc4 27. Rbd1 Nd5 28. Kg2 Qf7 29. Rc1 Bh6 30. Bxh6 Kxh6 31. Kh1 Rg5 0-1

[Event "Kronborg Chess Open 2024 Master1"]
[Site "Helsingor"]
[Date "2024.05.10"]
[Round "3"]
[White "Nord, Alexander"]
[Black "Ostensen, Nicolai Maxime"]
[Result "0-1"]
[WhiteElo "2240"]
[BlackElo "2234"]
[PlyCount "112"]
[EventDate "2024.05.09"]
[EventType "tourn"]
[EventRounds "7"]
[EventCountry "DEN"]
[SourceTitle "Live from Kronborg Chess Open 2024"]

1. d4 Nf6 2. Nf3 d5 3. g3 Bf5 4. Bg2 e6 5. c4 Bb4+ 6. Bd2 Be7 7. cxd5 exd5 8. Nc3 O-O 9. O-O h6 10. Qb3 Bc8 11. Rad1 c6 12. Bf4 Qb6 13. Qc2 Be6 14. Ne5 Nbd7 15. b3 Rac8 16. Na4 Qa5 17. Nxd7 Nxd7 18. Bd2 Qa6 19. Be3 b6 20. Qd3 Qb7 21. Bc1 Nf6 22. Bb2 Qd7 23. Nc3 Bb4 24. a3 Bf5 25. Qd2 Bxc3 26. Qxc3 Bh3 27. Rfe1 Bxg2 28. Kxg2 Rfe8 29. Qf3 Re6 30. Kf1 Rce8 31. Qg2 h5 32. Bc1 Qe7 33. f3 Nd7 34. Rd3 h4 35. g4 Qf6 36. Qf2 Qg6 37. Rc3 c5 38. Bd2 h3 39. Bf4 Qf6 40. Bd2 cxd4 41. Rd3 Nc5 42. Rxd4 Nxb3 43. Rxd5 Nxd2+ 44. Rxd2 Re3 45. a4 Qf4 46. Ra1 Qc4 47. Rda2 a6 48. Rd2 b5 49. axb5 axb5 50. Rad1 b4 51. Rd3 Rxd3 52. Rxd3 b3 53. Qd4 Qc1+ 54. Rd1 b2 55. Qd3 Rb8 56. Qb1 Qxd1+ 0-1

[Event "Kronborg Chess Open 2024 Master1"]
[Site "Helsingor"]
[Date "2024.05.10"]
[Round "3"]
[White "Rasmussen, Casper Dahl"]
[Black "Gomez Aguirre, Juan Alberto"]
[Result "0-1"]
[WhiteElo "2202"]
[BlackElo "2273"]
[PlyCount "96"]
[EventDate "2024.05.09"]
[EventType "tourn"]
[EventRounds "7"]
[EventCountry "DEN"]
[SourceTitle "Live from Kronborg Chess Open 2024"]

1. d4 d5 2. Nf3 Nf6 3. c4 e6 4. g3 dxc4 5. Qa4+ Nbd7 6. Qxc4 a6 7. a4 b5 8. Qc6 Rb8 9. Bg2 Bb7 10. Qc2 c5 11. axb5 axb5 12. O-O Bxf3 13. Bxf3 cxd4 14. Rd1 Qb6 15. Qc6 e5 16. Ra6 Qxc6 17. Bxc6 Bc5 18. Na3 O-O 19. Nxb5 Rfc8 20. Nd6 Bxd6 21. Bxd7 Nxd7 22. Rxd6 Nc5 23. e3 d3 24. e4 f6 25. Be3 Nxe4 26. R6xd3 Rxb2 27. Rd7 Rcb8 28. Ra7 R2b7 29. Rd8+ Rxd8 30. Rxb7 Nd6 31. Ra7 Nf5 32. Bc5 Rd5 33. Rc7 Rd1+ 34. Kg2 h5 35. Ba7 Kh7 36. h4 Rd2 37. Rc3 Kg6 38. Ra3 Rc2 39. Rd3 Nh6 40. Be3 Ng4 41. Bb6 e4 42. Ra3 Ne5 43. Be3 Nc4 44. Rb3 Re2 45. Bc5 Kf5 46. Rc3 Ne5 47. Re3 Rc2 48. Bb6 Nd3 0-1

[Event "Kronborg Chess Open 2024 Master1"]
[Site "Helsingor"]
[Date "2024.05.10"]
[Round "3"]
[White "Loftgaard, Mikkel Vinh"]
[Black "Kistrup, Nicolai"]
[Result "0-1"]
[WhiteElo "2228"]
[BlackElo "2342"]
[PlyCount "64"]
[EventDate "2024.05.09"]
[EventType "tourn"]
[EventRounds "7"]
[EventCountry "DEN"]
[SourceTitle "Live from Kronborg Chess Open 2024"]

1. e4 e5 2. Nf3 Nc6 3. Bc4 Nf6 4. d3 Bc5 5. c3 O-O 6. O-O d5 7. exd5 Nxd5 8. Re1 Bg4 9. h3 Bh5 10. Nbd2 Nb6 11. Bb3 Qxd3 12. Nxe5 Qf5 13. Nef3 Rae8 14. Rxe8 Rxe8 15. Bc2 Qd5 16. b4 Bd6 17. Qf1 Bg6 18. Bxg6 hxg6 19. c4 Qf5 20. c5 Be5 21. Nxe5 Qxe5 22. Nb3 Nd5 23. Bd2 Qf5 24. Re1 Re4 25. Rxe4 Qxe4 26. b5 Ncb4 27. Bxb4 Nxb4 28. Qd1 Kh7 29. Qd8 Nd3 30. Qxc7 Nf4 31. f3 Qe1+ 32. Kh2 Ne2 0-1

[Event "Kronborg Chess Open 2024 Master1"]
[Site "Helsingor"]
[Date "2024.05.10"]
[Round "4"]
[White "Schmidt, Kristen"]
[Black "Rasmussen, Casper Dahl"]
[Result "0-1"]
[WhiteElo "2246"]
[BlackElo "2202"]
[PlyCount "118"]
[EventDate "2024.05.09"]
[EventType "tourn"]
[EventRounds "7"]
[EventCountry "DEN"]
[SourceTitle "Live from Kronborg Chess Open 2024"]

1. e4 e5 2. Nf3 Nf6 3. Bc4 Nxe4 4. Qe2 d5 5. Nxe5 Be6 6. Bb3 Bd6 7. d4 O-O 8. O-O c5 9. c3 Qc7 10. Nd2 cxd4 11. cxd4 Bxe5 12. dxe5 Qxe5 13. Re1 Nc6 14. Nxe4 Nd4 15. Qe3 dxe4 16. Bd2 Bxb3 17. Bc3 Nc2 18. Bxe5 Nxe3 19. fxe3 Bd5 20. Red1 Bc6 21. Rd2 Rfe8 22. Bd4 f6 23. h4 Kf7 24. Kh2 a5 25. g4 h5 26. g5 fxg5 27. Rg1 g4 28. Rf1+ Kg6 29. Rdf2 Rad8 30. Rf5 Rd5 31. Rf7 Rxd4 32. exd4 e3 33. R7f5 Bf3 34. Rxa5 e2 35. Re1 Kf6 36. Kg3 g6 37. Rb5 Ra8 38. d5 Rxa2 39. Rxb7 Ra5 40. Rb6+ Kf5 41. d6 Rd5 42. Kf2 Kf4 43. Rb4+ Kf5 44. Rc4 Rxd6 45. b4 Rd1 46. Rc5+ Kf4 47. Rc4+ Kf5 48. Rc5+ Kf6 49. Rc1 g5 50. hxg5+ Kxg5 51. b5 h4 52. b6 Rd3 53. Rc5+ Kg6 54. Rxe2 g3+ 55. Ke1 Bxe2 56. Kxe2 Rb3 57. Rc6+ Kg5 58. Kf1 Rb2 59. Kg1 Kg4 0-1

[Event "Kronborg Chess Open 2024 Master1"]
[Site "Helsingor"]
[Date "2024.05.10"]
[Round "4"]
[White "Nord, Alexander"]
[Black "Strom Engdahl, Alexander"]
[Result "1/2-1/2"]
[WhiteElo "2240"]
[BlackElo "2217"]
[PlyCount "41"]
[EventDate "2024.05.09"]
[EventType "tourn"]
[EventRounds "7"]
[EventCountry "DEN"]
[SourceTitle "Live from Kronborg Chess Open 2024"]

1. e4 e6 2. d4 d5 3. exd5 exd5 4. Bd3 Bd6 5. Nf3 Nf6 6. Qe2+ Qe7 7. Qxe7+ Bxe7 8. Bf4 c6 9. O-O O-O 10. Re1 Re8 11. Nbd2 h6 12. Nf1 Be6 13. Ng3 Nbd7 14. Nf5 Bf8 15. Nd6 Bxd6 16. Bxd6 Rad8 17. Bb4 g6 18. a4 Nh5 19. Bd2 Kh7 20. h3 Ng7 21. Nh4 1/2-1/2

[Event "Kronborg Chess Open 2024 Master1"]
[Site "Helsingor"]
[Date "2024.05.10"]
[Round "4"]
[White "Gomez Aguirre, Juan Alberto"]
[Black "Loftgaard, Mikkel Vinh"]
[Result "1/2-1/2"]
[WhiteElo "2273"]
[BlackElo "2228"]
[PlyCount "63"]
[EventDate "2024.05.09"]
[EventType "tourn"]
[EventRounds "7"]
[EventCountry "DEN"]
[SourceTitle "Live from Kronborg Chess Open 2024"]

1. e4 c5 2. c3 d5 3. exd5 Qxd5 4. d4 Nc6 5. Nf3 Bg4 6. Be2 cxd4 7. cxd4 e6 8. Nc3 Bb4 9. O-O Qa5 10. a3 Bxc3 11. bxc3 Nf6 12. Qb3 Qb6 13. Rb1 O-O 14. Qxb6 axb6 15. h3 Bh5 16. Rxb6 Nd5 17. Rxb7 Nxc3 18. Bd1 Bxf3 19. Bxf3 Nxd4 20. Bb2 Nxf3+ 21. gxf3 Na4 22. Bd4 Rfd8 23. Rb4 f6 24. Rc1 e5 25. Be3 Rdb8 26. f4 Rxb4 27. axb4 Rb8 28. fxe5 fxe5 29. Rc4 Nb2 30. Rc5 Nd3 31. Rd5 Nxb4 32. Rxe5 1/2-1/2

[Event "Kronborg Chess Open 2024 Master1"]
[Site "Helsingor"]
[Date "2024.05.10"]
[Round "4"]
[White "Ostensen, Nicolai Maxime"]
[Black "Kistrup, Nicolai"]
[Result "0-1"]
[WhiteElo "2234"]
[BlackElo "2342"]
[PlyCount "84"]
[EventDate "2024.05.09"]
[EventType "tourn"]
[EventRounds "7"]
[EventCountry "DEN"]
[SourceTitle "Live from Kronborg Chess Open 2024"]

1. Nf3 d5 2. e3 Nf6 3. c4 e6 4. b3 Bd6 5. Bb2 O-O 6. Nc3 c6 7. d4 Nbd7 8. Bd3 e5 9. cxd5 cxd5 10. dxe5 Nxe5 11. Nd4 Bg4 12. Be2 Rc8 13. O-O Bb4 14. Bxg4 Nexg4 15. Nce2 Qc7 16. g3 Qd7 17. Nf3 Qf5 18. Ned4 Qh5 19. Ne2 Bd6 20. Kg2 Ne4 21. Qd3 Qh3+ 22. Kxh3 Ngxf2+ 23. Kg2 Nxd3 24. Bd4 Rc2 25. Nfg1 Be5 26. Rad1 Bxd4 27. Rxd3 Bb6 28. a3 Rfc8 29. Kh3 Rd2 30. Rxd2 Nxd2 31. Rf5 Bxe3 32. Rxd5 Nxb3 33. Nf3 Nc5 34. Re5 Bh6 35. Ned4 g6 36. Nb5 a6 37. Nd6 Rc6 38. Re8+ Bf8 39. Nc4 Ne6 40. Na5 Rc3 41. Ne5 Rc5 42. Nec4 b6 0-1

[Event "Kronborg Chess Open 2024 Master1"]
[Site "Helsingor"]
[Date "2024.05.11"]
[Round "5"]
[White "Loftgaard, Mikkel Vinh"]
[Black "Schmidt, Kristen"]
[Result "1-0"]
[WhiteElo "2228"]
[BlackElo "2246"]
[PlyCount "73"]
[EventDate "2024.05.09"]
[EventType "tourn"]
[EventRounds "7"]
[EventCountry "DEN"]
[SourceTitle "Live from Kronborg Chess Open 2024"]

1. e4 c5 2. c3 Nf6 3. e5 Nd5 4. d4 cxd4 5. Nf3 d6 6. cxd4 Nc6 7. Bc4 e6 8. a3 Be7 9. O-O O-O 10. Qe2 Bd7 11. Rd1 Rc8 12. Bxd5 exd5 13. Nc3 Be6 14. Qb5 dxe5 15. dxe5 Qa5 16. Qxb7 Rfd8 17. Be3 Rc7 18. Qb5 Qxb5 19. Nxb5 Rb7 20. Nbd4 Nxd4 21. Bxd4 Rc8 22. Rac1 Rc4 23. Rxc4 dxc4 24. Bc3 g5 25. h3 h6 26. Rd4 Bc5 27. Rd8+ Kh7 28. Nd2 Be7 29. Re8 Bd5 30. g4 Rc7 31. Nf1 Bc6 32. Rb8 Bc5 33. Ba5 Re7 34. Rc8 Re6 35. Bc3 Bb6 36. Ng3 Bd5 37. Nh5 1-0

[Event "Kronborg Chess Open 2024 Master1"]
[Site "Helsingor"]
[Date "2024.05.11"]
[Round "5"]
[White "Rasmussen, Casper Dahl"]
[Black "Nord, Alexander"]
[Result "1/2-1/2"]
[WhiteElo "2202"]
[BlackElo "2240"]
[PlyCount "129"]
[EventDate "2024.05.09"]
[EventType "tourn"]
[EventRounds "7"]
[EventCountry "DEN"]
[SourceTitle "Live from Kronborg Chess Open 2024"]

1. d4 d5 2. Nf3 Nf6 3. c4 c6 4. Nc3 e6 5. cxd5 exd5 6. Bf4 Be7 7. h3 Bf5 8. g4 Be4 9. Bg2 Bd6 10. Bxd6 Qxd6 11. Qb3 O-O 12. e3 h6 13. Nxe4 Nxe4 14. Nh4 Nd7 15. Nf5 Qc7 16. Bxe4 dxe4 17. O-O Nf6 18. Rac1 Rad8 19. Qa3 a6 20. Rc5 Rfe8 21. Rfc1 Nd5 22. Qb3 Qd7 23. Ng3 g6 24. Kh2 Kh8 25. Rg1 Re7 26. Qd1 Qe6 27. a3 Rd6 28. b4 Qf6 29. Qd2 Qh4 30. f4 Rd8 31. a4 Qf6 32. Rf1 Qd6 33. Kg2 a5 34. Rxa5 b6 35. Ra6 Rb8 36. Rb1 b5 37. axb5 Rxb5 38. Ra5 Reb7 39. Rxb5 Rxb5 40. Nxe4 Qe7 41. Kf3 f5 42. Nf2 Rxb4 43. Rxb4 Nxb4 44. e4 fxe4+ 45. Nxe4 Kh7 46. Qc3 Qf8 47. Qc5 Qxc5 48. Nxc5 Kg7 49. Ke4 Kf6 50. Nd7+ Ke6 51. Ne5 g5 52. f5+ Kf6 53. Nd7+ Ke7 54. Nc5 Kf6 55. Kf3 Nc2 56. Ne6 Nb4 57. Ke4 Nd5 58. Kd3 Ke7 59. Ke4 Kf6 60. Kd3 Ke7 61. Kc4 Nf6 62. Kc5 Kd7 63. Nf8+ Kc7 64. Ne6+ Kd7 65. Nf8+ 1/2-1/2

[Event "Kronborg Chess Open 2024 Master1"]
[Site "Helsingor"]
[Date "2024.05.11"]
[Round "5"]
[White "Strom Engdahl, Alexander"]
[Black "Ostensen, Nicolai Maxime"]
[Result "1/2-1/2"]
[WhiteElo "2217"]
[BlackElo "2234"]
[PlyCount "53"]
[EventDate "2024.05.09"]
[EventType "tourn"]
[EventRounds "7"]
[EventCountry "DEN"]
[SourceTitle "Live from Kronborg Chess Open 2024"]

1. e4 c5 2. Nf3 Nc6 3. Bb5 Nf6 4. Nc3 g6 5. e5 Ng4 6. Bxc6 dxc6 7. h3 Nh6 8. g4 Bg7 9. d3 O-O 10. Qe2 f6 11. Be3 Qa5 12. O-O-O Nf7 13. Kb1 Be6 14. Bd2 fxe5 15. b3 Qc7 16. Ne4 b6 17. c4 h6 18. Bc3 a5 19. Qb2 a4 20. Rhf1 axb3 21. axb3 Ra6 22. Kc2 Rfa8 23. Ra1 Rxa1 24. Rxa1 Rxa1 25. Qxa1 Qb8 26. Nh4 g5 27. Nf3 1/2-1/2

[Event "Kronborg Chess Open 2024 Master1"]
[Site "Helsingor"]
[Date "2024.05.11"]
[Round "5"]
[White "Kistrup, Nicolai"]
[Black "Gomez Aguirre, Juan Alberto"]
[Result "1/2-1/2"]
[WhiteElo "2342"]
[BlackElo "2273"]
[PlyCount "95"]
[EventDate "2024.05.09"]
[EventType "tourn"]
[EventRounds "7"]
[EventCountry "DEN"]
[SourceTitle "Live from Kronborg Chess Open 2024"]

1. e4 e5 2. Nf3 Nc6 3. Bc4 Bc5 4. c3 Nf6 5. d3 d6 6. O-O h6 7. Re1 O-O 8. h3 Bb6 9. Nbd2 Ne7 10. Nf1 Ng6 11. Ng3 c6 12. Bb3 d5 13. exd5 Nxd5 14. d4 exd4 15. Nxd4 Ndf4 16. Qf3 Bxd4 17. Bxf4 Nxf4 18. Qxf4 Bb6 19. Rad1 Qc7 20. Qxc7 Bxc7 21. Re7 Bb6 22. Rd3 Be6 23. Bxe6 fxe6 24. Rdd7 Rxf2 25. Rxg7+ Kf8 26. Kh2 Rd8 27. Rxb7 Rb8 28. Rbd7 Rd8 29. Rxd8+ Kxg7 30. Rd7+ Kf8 31. b4 Rxa2 32. Rd6 Ke7 33. Rxc6 Kd7 34. Rc4 Bc7 35. Rd4+ Kc6 36. Re4 Rc2 37. Rxe6+ Kd5 38. Rxh6 Rxc3 39. Rg6 Rb3 40. h4 Rxb4 41. Kh3 Bd8 42. Nf5 Ke5 43. g4 Kf4 44. h5 Rb3+ 45. Kg2 Rb2+ 46. Kh3 Rb3+ 47. Kg2 Rb2+ 48. Kh3 1/2-1/2

[Event "Kronborg Chess Open 2024 Master1"]
[Site "Helsingor"]
[Date "2024.05.11"]
[Round "6"]
[White "Schmidt, Kristen"]
[Black "Kistrup, Nicolai"]
[Result "0-1"]
[WhiteElo "2246"]
[BlackElo "2342"]
[PlyCount "62"]
[EventDate "2024.05.09"]
[EventType "tourn"]
[EventRounds "7"]
[EventCountry "DEN"]
[SourceTitle "Live from Kronborg Chess Open 2024"]

1. e4 e5 2. Nf3 Nc6 3. Bc4 Nf6 4. d4 exd4 5. e5 d5 6. Bb5 Ne4 7. Nxd4 Bd7 8. Bxc6 bxc6 9. O-O Bc5 10. Be3 Qe7 11. Re1 O-O 12. f3 Ng5 13. f4 Ne6 14. c3 Bb6 15. Kh1 f6 16. Nxe6 Bxe6 17. Bd4 Bxd4 18. Qxd4 c5 19. exf6 Rxf6 20. Qe5 Re8 21. Nd2 Rf5 22. Qe3 Qd6 23. Nb3 Rxf4 24. Qxc5 Qb6 25. Re2 Ref8 26. g3 Qa6 27. Rae1 Rf1+ 28. Kg2 Bg4 29. Qxd5+ Kh8 30. Nd4 Qh6 31. h4 Rxe1 0-1

[Event "Kronborg Chess Open 2024 Master1"]
[Site "Helsingor"]
[Date "2024.05.11"]
[Round "6"]
[White "Nord, Alexander"]
[Black "Loftgaard, Mikkel Vinh"]
[Result "0-1"]
[WhiteElo "2240"]
[BlackElo "2228"]
[PlyCount "86"]
[EventDate "2024.05.09"]
[EventType "tourn"]
[EventRounds "7"]
[EventCountry "DEN"]
[SourceTitle "Live from Kronborg Chess Open 2024"]

1. e4 c5 2. Nf3 d6 3. d4 cxd4 4. Nxd4 Nf6 5. Nc3 a6 6. Be3 e5 7. Nf3 Be7 8. Bc4 Be6 9. Bxe6 fxe6 10. Ng5 Qd7 11. Qf3 h6 12. Qh3 O-O 13. Qxe6+ Qxe6 14. Nxe6 Rc8 15. f4 Kf7 16. f5 Nbd7 17. Kd2 Rxc3 18. Kxc3 Nxe4+ 19. Kd3 Nef6 20. c4 Rc8 21. g4 e4+ 22. Kd2 Nxg4 23. b3 Bf6 24. Nd4 Nde5 25. Rad1 Nd3 26. Rdf1 d5 27. cxd5 Rd8 28. Ke2 Rxd5 29. Ne6 g6 30. Nc7 Rxf5 31. Rxf5 gxf5 32. Nd5 Nxe3 33. Kxe3 Be5 34. h3 Ke6 35. Nb6 f4+ 36. Ke2 Kf5 37. Nc4 Bb8 38. Nd2 Ne5 39. Rc1 f3+ 40. Kf1 e3 41. Nc4 Nxc4 42. Rxc4 e2+ 43. Kf2 Bg3+ 0-1